|
|
|
|
| LEADER |
01377nam a2200277 a 4500 |
| 001 |
2580784 |
| 008 |
091202s1996 nyua 001 0beng d |
| 010 |
|
|
|a \\\96036171
|
| 020 |
|
|
|a 0471161276 (cloth : alk. paper)
|
| 040 |
|
|
|a DLC
|c DLC
|d DLC
|
| 082 |
0 |
0 |
|a 332.1/1/092
|2 20
|
| 100 |
1 |
|
|a Beckner, Steven K.
|
| 245 |
1 |
0 |
|a Back from the brink :
|b the Greenspan years /
|c Steven K. Beckner.
|
| 260 |
|
|
|a New York :
|b Wiley,
|c c1996.
|
| 300 |
|
|
|a xii, 452 p. :
|b ill. ;
|c 22 cm.
|
| 504 |
|
|
|a Includes index.
|
| 541 |
1 |
|
|e 00008031
|
| 600 |
1 |
0 |
|a Greenspan, Alan,
|d 1926-
|
| 650 |
|
0 |
|a Government economists
|z United States
|x Biography.
|
| 650 |
|
0 |
|a Monetary policy
|z United States.
|
| 610 |
2 |
0 |
|a Board of Governors of the Federal Reserve System (U.S.)
|
| 852 |
4 |
|
|a Ayesha Abed Library
|j General shelf
|
| 999 |
|
|
|c 5856
|d 5856
|
| 952 |
|
|
|0 0
|1 0
|2 ddc
|4 0
|6 332_110920000000000_BEC_1996
|7 0
|9 5835
|a BRACUL
|b BRACUL
|c GEN
|d 2009-12-03
|g 0.00
|l 0
|o 332.11092 BEC
|p 3010008031
|r 2009-12-03
|t 1
|w 2009-12-03
|y BK
|x No price found in the accession register.
|
| 952 |
|
|
|0 0
|1 0
|2 ddc
|4 0
|6 332_110920000000000_BEC_1996
|7 0
|9 5836
|a BRACUL
|b BRACUL
|c GEN
|d 2009-12-03
|g 0.00
|l 0
|o 332.11092 BEC
|p 3010008032
|r 2009-12-03
|t 2
|w 2009-12-03
|y BK
|x No price found in the accession register.
|
| 952 |
|
|
|0 0
|1 0
|2 ddc
|4 0
|6 332_110920000000000_BEC
|7 0
|9 43351
|a SCL
|b SCL
|c GEN
|d 2002-02-17
|l 0
|o 332.11092 BEC
|p 3020003694
|r 2014-07-22
|t 3
|w 2014-07-22
|y BK
|